| 000 | 00513nam a2200193Ia 4500 | ||
|---|---|---|---|
| 003 | GCL | ||
| 008 | 140319s9999 xx 000 0 eng d | ||
| 040 |
_aGCL / _cGCL |
||
| 082 | 0 | 4 |
_a321.8644 _bR R |
| 100 | 1 | _aROCHE, DANIEL | |
| 245 | 1 | 0 |
_aLES REPUBLICAINS DES LETTRES: GENS DE CULTURE ET LUMIERES AU XVIII SIECLE / _cROCHE, DANIEL |
| 260 |
_a[S.N] : _bFAYARD ، _c1988 |
||
| 300 | _a393 P | ||
| 650 | 0 | 4 | _aCULTURE |
| 650 | 0 | 4 | _aFRANCE |
| 650 | 0 | 4 | _aFRENCH HISTORY |
| 650 | 0 | 4 | _aREPUBLICS |
| 942 |
_2ddc _cBK |
||
| 999 |
_c24453 _d24453 |
||